Swachh BHarat Abhiyan / (Record no. 151810)

MARC details
000 -LEADER
fixed length control field 00661nam a22001937a 4500
005 - DATE AND TIME OF LATEST TRANSACTION
control field 20180503101842.0
010 ## - LCCN (DPL NO)
LC control number ENG-122745
020 ## - INTERNATIONAL STANDARD BOOK NUMBER
International Standard Book Number 9789385289200
Terms of availability 1095.00
035 ## - SYSTEM CONTROL NUMBER
System control number EN-106277
037 ## - SOURCE OF ACQUISITION
Source of stock number/acquisition DBAD/PUB
082 ## - DEWEY DECIMAL CLASSIFICATION NUMBER
Classification number 363.720954
100 ## - MAIN ENTRY--PERSONAL NAME
Personal name Singh, M.K.
245 ## - TITLE STATEMENT
Title Swachh BHarat Abhiyan /
Statement of responsibility, etc by M.K. Singh
260 ## - PUBLICATION, DISTRIBUTION, ETC. (IMPRINT)
Place of publication, distribution, etc New Delhi
Name of publisher, distributor, etc Solar Books
Date of publication, distribution, etc 2017
270 ## - ADDRESS
Address 4239A/1, Veer Sadan, Ansari Road (Behind Delhi Hospital), Darya Ganj,
City New Delhi
Postal code 110002
Telephone number 011-43505201/02/03
Electronic mail address sales.solarbook@gmail.com
300 ## - PHYSICAL DESCRIPTION
Extent vii, 276p.
Dimensions 23cm (Hb)
500 ## - GENERAL NOTE
General note It include bibliography and index
942 ## - ADDED ENTRY ELEMENTS (KOHA)
Source of classification or shelving scheme Dewey Decimal Classification
Item type English Books
Call number suffix SIN
Classification part 363.720954
Holdings
Withdrawn status Lost status Not for loan Collection code Home library Current library Date acquired Source of acquisition Cost, normal purchase price Full call number Barcode Copy number Cost, replacement price Koha item type
    Not For Loan Non-fiction D.B.Act.Division Bawana 01/05/2018 DBAD/PUB 1095.00 363.720954 SIN EN-106277 1 1095.00 English Books

© Delhi Public Library
Hit Counter
free hit counter